000 00567nam a2200217Ia 4500
003 IN-BaIIA
008 211028s9999 xx 000 0 eng d
040 _cIIA Library
080 _aGen
_bRAG
100 _aRaghavan, V
_926770
245 4 _aThe Indian heritage
_cV.Raghavan
250 _a4th ed.
260 _aBangalore
_bIndian Institue of World Culture
_c1980
300 _alxxvii, 494p.
650 _aBhagavad Gita
_926771
650 _aPuranas
_916090
650 _aSanskrit
_911284
650 _aUpanishads
_926772
650 _aVedas
_926773
942 _cBK
999 _c14853
_d14853